| 000 | 00817nam a2200253Ia 4500 | ||
|---|---|---|---|
| 003 | OSt | ||
| 005 | 20220925212601.0 | ||
| 006 | a|||||r|||| 00| 0 | ||
| 007 | ta | ||
| 008 | 220923b |||||||| |||| 00| 0 eng d | ||
| 020 |
_a0043202047 _ceuro 2800 |
||
| 037 |
_b472, 11/11/1987, SBD _cGeneral Book |
||
| 040 |
_aRTL _cRTL _beng |
||
| 041 |
_2eng _aeng |
||
| 082 | _aY38.34.N3, M7 | ||
| 100 |
_aHutchinson John _9123528 |
||
| 245 | 0 |
_aDynamics of cultural nationalism _bThe Gaelic revival and the creation of the irish nation state |
|
| 260 |
_aLondon _bAllen and Unwin _c1987 |
||
| 300 |
_ax,343p _ccm. |
||
| 500 | _aBibliography: P 325-36 | ||
| 650 | _aNationalism Sociology | ||
| 942 |
_hY38.34.N3, M7 _cGB _2CC |
||
| 999 |
_c560704 _d560704 |
||